| 000 | 00000nam 2200000zi 4500 |
| 001 | 9.933959 |
| 003 | CaOODSP |
| 005 | 20250605092635 |
| 006 | m o d f |
| 007 | cr |n |||||||| |
| 008 | 240215s2024 onc ol f000 0|fre d |
| 040 | |aCaOODSP|bfre|erda|cCaOODSP |
| 041 | |afre|aeng |
| 043 | |an-cn--- |
| 086 | 1 |aXB441-382/1-PDF |
| 110 | 1 |aCanada. |bParlement. |bChambre des communes, |eorganisme de publication. |
| 245 | 13|aAn Act to amend the Excise Tax Act and the Income Tax Act (extra-energy-efficient products) = |bLoi modifiant la Loi sur la taxe d’accise et la Loi de l’impôt sur le revenu (produits super-écoénergétiques). |
| 246 | 11|aLoi modifiant la Loi sur la taxe d’accise et la Loi de l’impôt sur le revenu (produits super-écoénergétiques) |
| 264 | 1|a[Ottawa] : |bHouse of Commons of Canada = Chambre des communes du Canada, |c2024. |
| 300 | |a1 ressource en ligne (ii, 7 pages). |
| 336 | |atexte|btxt|2rdacontent/fre |
| 337 | |ainformatique|bc|2rdamedia/fre |
| 338 | |aressource en ligne|bcr|2rdacarrier/fre |
| 490 | 1 |aProjet de loi C- ... ; |vProjet de loi C-382, 1re session, 44e législature |
| 500 | |a« Première lecture le 14 février 2024. » |
| 520 | |a« Le texte modifie la Loi sur la taxe d’accise afin d’exonérer les produits super-écoénergétiques de la taxe sur les produits et services. Il modifie également la Loi de l’impôt sur le revenu afin d’accorder un crédit d’impôt pour l’achat de ces produits » --Sommaire, page ii. |
| 546 | |aTexte en français et en anglais. |
| 610 | 16|aCanada. |bLoi sur la stratégie nationale sur le logement. |
| 610 | 16|aCanada. |tLoi de l'impôt sur le revenu. |
| 650 | 6|aAppareils ménagers|xRendement|xDroit|zCanada|vLégislation. |
| 650 | 6|aCrédit d'impôt à l'économie d'énergie|xDroit|zCanada|vLégislation. |
| 650 | 6|aTaxe à la valeur ajoutée|xDroit|zCanada|vLégislation. |
| 650 | 6|aPolitique énergétique|zCanada. |
| 655 | 7|aProjets de loi|2rvmgf |
| 791 | |tAn Act to amend the Excise Tax Act and the Income Tax Act (extra-energy-efficient products) = |eeng|w(CaOODSP)9.933955 |
| 830 | #0|aProjet de loi C-...|vProjet de loi C-382, 1re session, 44e législature.|w(CaOODSP)9.500660 |
| 856 | 40|qPDF|s119 Ko|uhttps://publications.gc.ca/collections/collection_2024/parl/XB441-382-1.pdf |
| 856 | 4 |qHTML|sS.O.|uhttps://www.parl.ca/documentviewer/fr/44-1/projet-loi/C-382/premiere-lecture |